The architecture of computer hardware and systems software : (رقم التسجيلة. 3655)
[ عرض عادي ]
| 000 -الفاتح | |
|---|---|
| حقل البيانات ثابتة الطول | 01170cam a2200301 a 4500 |
| 001 - رقم الضبط | |
| رقم الضبط | 13067638 |
| 003 - محدد رقم الضبط | |
| رقم الضبط | OSt |
| 005 - وقت وتاريخ اخر تعامل مع التسجيلة | |
| رقم الضبط | 20150408113748.0 |
| 008 - عناصر البيانات ثابتة الطول - معلومات عامة | |
| حقل البيانات ثابتة الطول | 030124s2003 nyua b 001 0 eng |
| 010 ## - رقم ضبط مكتبة الكونجرس | |
| رقم ضبط مكتبة الكونجرس | 2003265446 |
| 020 ## - الرقم الدولى المعيارى للكتب | |
| الرقم الدولى المعيارى للكتاب | 0471073253 (alk. paper) |
| 040 ## - مصدر الفهرسة | |
| وكالة الفهرسة الأصلية | DLC |
| وكالة النسخ | DLC |
| وكالة التعديل | DLC |
| 050 00 - رقم طلب مكتبة الكونجرس | |
| رقم التصنيف | QA76.5 |
| رقم المادة | .E566 2003 |
| 082 04 - رقم تصنيف ديوى العشرى | |
| رقم التصنيف | 004.22 |
| رقم الطبعة | 21 |
| 100 1# - المدخل الرئيسى - إسم شخصى | |
| الإسم الشخصى | Englander, Irv. |
| 9 (RLIN) | 7944 |
| 245 14 - بيان العنوان | |
| العنوان | The architecture of computer hardware and systems software : |
| بقية العنوان | an information technology approach / |
| بيان المسئوليه,etc | Irv Englander. |
| 250 ## - بيان الطبعة | |
| بيان الطبعة | 3rd ed. |
| 260 ## - PUBLICATION, DISTRIBUTION, ETC. (IMPRINT) | |
| مكان الناشر او الموزع | New York : |
| اسم الناشر او الموزع | Wiley, |
| تاريخ النشر أو التوزيع | c2003. |
| 300 ## - الوصف المادى | |
| التعداد | xxvii, 729 p. : |
| تفاصيل ماديه اخرى للوعاء | ill. ; |
| أبعاد الوعاء | 25 cm. |
| 504 ## - تبصرة ببليوجرافية | |
| تبصرة ببليوجرافية,الخ | Includes bibliographical references (p. 701-711) and index. |
| 650 #0 - المدخل الاضافى بالموضوع-مصطلح موضوعى | |
| مصطلح موضوعي أو اسم جغرافي كعنصر مدخل | Computers. |
| 650 #0 - المدخل الاضافى بالموضوع-مصطلح موضوعى | |
| مصطلح موضوعي أو اسم جغرافي كعنصر مدخل | Systems software. |
| 9 (RLIN) | 6112 |
| 856 42 - الوصول و الموقع الالكترونى | |
| مواد محددة | Contributor biographical information |
| معرف المصدر الموحد | <a href="http://www.loc.gov/catdir/bios/wiley043/2003265446.html">http://www.loc.gov/catdir/bios/wiley043/2003265446.html</a> |
| 856 42 - الوصول و الموقع الالكترونى | |
| مواد محددة | Publisher description |
| معرف المصدر الموحد | <a href="http://www.loc.gov/catdir/description/wiley036/2003265446.html">http://www.loc.gov/catdir/description/wiley036/2003265446.html</a> |
| 856 41 - الوصول و الموقع الالكترونى | |
| مواد محددة | Table of contents |
| معرف المصدر الموحد | <a href="http://www.loc.gov/catdir/toc/wiley031/2003265446.html">http://www.loc.gov/catdir/toc/wiley031/2003265446.html</a> |
| 942 ## - عناصر المدخل الإضافي( كوها) | |
| مصدر التصنيف او مخطط الترفيف | Dewey Decimal Classification |
| Koha [default] item type | كتاب |
| حالة الفقد | نموذج السعر الفعال | حالة تلف | ليس للاعارة | رقم الطلب | تاريخ الاكتساب | الموقع الحالي | الباركود | الفرع الرئيسي | Total Renewals | Date last checked out | Date last seen | نوع المادة فى نظام كوها | مصدر التصنيف او خطة الترفيف | Total Checkouts |
|---|---|---|---|---|---|---|---|---|---|---|---|---|---|---|
| 2013-03-10 | 004.22 E I T | 2011-12-13 | مكتبة كلية التربية بالزلفى - طالبات (EZF) | 00012541 | مكتبة مجمع الكليات بالزلفى - طلاب (SZM) | 2018-02-08 | 2018-02-21 | كتاب | Dewey Decimal Classification | 1 | ||||
| 2013-03-10 | 004.22 E I T | 2011-12-13 | مكتبة مجمع الكليات بالزلفى - طلاب (SZM) | 00012542 | مكتبة مجمع الكليات بالزلفى - طلاب (SZM) | 1 | 2012-09-09 | 2013-03-10 | كتاب | Dewey Decimal Classification | 1 | |||
| 2013-03-10 | 004.22 E I T | 2011-12-13 | مكتبة مجمع الكليات بالزلفى - طلاب (SZM) | 00012540 | مكتبة مجمع الكليات بالزلفى - طلاب (SZM) | 2013-03-10 | كتاب | Dewey Decimal Classification | ||||||
| 2013-03-10 | 004.22 E I T | 2011-12-13 | مكتبة مجمع الكليات بالزلفى - طلاب (SZM) | 00012539 | مكتبة مجمع الكليات بالزلفى - طلاب (SZM) | 2013-03-10 | كتاب | Dewey Decimal Classification | ||||||
| 2013-03-10 | 004.22 E I T | 2011-12-13 | مكتبة مجمع الكليات بالزلفى - طلاب (SZM) | 00012538 | مكتبة مجمع الكليات بالزلفى - طلاب (SZM) | 2013-03-10 | كتاب | Dewey Decimal Classification | ||||||
| 2013-03-10 | 004.22 E I T | 2011-12-13 | مكتبة مجمع الكليات بالزلفى - طلاب (SZM) | 00012537 | مكتبة مجمع الكليات بالزلفى - طلاب (SZM) | 2013-03-10 | كتاب | Dewey Decimal Classification |
